L'art gothique

Salvato in:
Dettagli Bibliografici
Natura: Libro
Lingua:francese
Pubblicazione: París Flammarion 1930
Serie:La Grammaire des Styles, 3
Soggetti:
Tags: Aggiungi Tag
Nessun Tag, puoi essere il primo ad aggiungerne!!

MARC

LEADER 00000nam a2200000 a 4500
001 UCV7761
003 CL-VaPUC
008 890802e19300000FR |||||||||||||||||fre|d
082 0 4 |a 709.022  |b ART  |2 21 
245 1 2 |a L'art gothique 
300 |a 63 p 
942 |c BK 
945 |d 19890802 00:00:00 
260 |a París  |b Flammarion  |c 1930 
500 |a Ouvrage orné de 21 figures dans le texte et de 22 planches hors texte 
650 0 |a Arte gótico  |9 265512 
651 0 |a Francia  |9 255157 
583 |a last modification  |c 19890802 00:00:00  |k Rodrigo Vera 
490 0 |a La Grammaire des Styles, 3 
999 |c 213391  |d 213389 
952 |0 0  |1 0  |4 0  |6 709_022000000000000_ART_1930  |7 0  |8 A  |9 195737  |a BIBARQ  |b BIBARQ  |d 2019-11-14  |i 2637324  |l 4  |o 709.022 ART 1930  |p 2637324  |r 2025-01-20  |s 2021-11-02  |w 2019-11-14  |y BK  |k ARQ 
952 |0 0  |1 0  |4 0  |6 709_022000000000000_ART_1930  |7 0  |8 X  |9 195738  |a BIBHIS  |b BIBHIS  |d 2019-11-14  |i 1363352  |o 709.022 ART 1930  |p 1363352  |r 2024-01-30  |w 2019-11-14  |y BK_X  |k HIS 
952 |0 0  |1 0  |4 0  |6 709_022000000000000_ART_1930  |7 0  |8 X  |9 195739  |a BIBHIS  |b BIBHIS  |d 2019-11-14  |i 1363360  |o 709.022 ART 1930  |p 1363360  |r 2024-01-30  |w 2019-11-14  |y BK_X  |k HIS